Principles of agronomy (Record no. 41788)
[ view plain ]
| 000 -LEADER | |
|---|---|
| fixed length control field | 00547nam a2200205Ia 4500 |
| 082 ## - DEWEY DECIMAL CLASSIFICATION NUMBER | |
| Classification number | 631/635 |
| Item number | RED |
| 100 ## - MAIN ENTRY--AUTHOR NAME | |
| Personal name | Reddi, G H Sankara |
| 245 #0 - TITLE STATEMENT | |
| Title | Principles of agronomy |
| 250 ## - EDITION STATEMENT | |
| Edition statement | Rev. Ed.2 |
| 260 ## - PUBLICATION, DISTRIBUTION, ETC. (IMPRINT) | |
| Place of publication | Ludhiana |
| Name of publisher | Kalyani Publishers |
| Year of publication | 2000 |
| 650 ## - SUBJECT ADDED ENTRY--TOPICAL TERM | |
| Topical Term | Dryland agriculture |
| 650 ## - SUBJECT ADDED ENTRY--TOPICAL TERM | |
| Topical Term | Irrigation |
| 650 ## - SUBJECT ADDED ENTRY--TOPICAL TERM | |
| Topical Term | Mineral nutrition |
| 650 ## - SUBJECT ADDED ENTRY--TOPICAL TERM | |
| Topical Term | Soil conservation |
| 650 ## - SUBJECT ADDED ENTRY--TOPICAL TERM | |
| Topical Term | Sustainable agriculture |
| 650 ## - SUBJECT ADDED ENTRY--TOPICAL TERM | |
| Topical Term | Weed management |
| 700 ## - ADDED ENTRY--PERSONAL NAME | |
| Personal name | Reddy, T Yellamanda |
| 942 ## - ADDED ENTRY ELEMENTS (KOHA) | |
| Koha item type | Books |
| Withdrawn status | Lost status | Damaged status | Not for loan | Home library | Current library | Date acquired | Cost, normal purchase price | Full call number | Accession Number | Koha item type |
|---|---|---|---|---|---|---|---|---|---|---|
| RRII Library | RRII Library | 16/12/2021 | 100.00 | 631/635 RED | 22074 | Books |